| 000 | 00564nam a22002177a 4500 | ||
|---|---|---|---|
| 005 | 20170124110109.0 | ||
| 010 | _a561322 | ||
| 020 |
_c00.00 _a246639695 |
||
| 035 | _a561322 | ||
| 037 | _bCen Lib/Ret | ||
| 040 |
_aDPL _bEN |
||
| 082 |
_aN _bDER |
||
| 100 |
_aDe Roo, Anne _928628 |
||
| 245 |
_aMoa valley / _cby Anne De Roo |
||
| 260 |
_bRupert Hart-Davis _c1969 _aLondon |
||
| 270 |
_bLondon _a3 upper James Street Golden Square |
||
| 300 |
_a204p. _c19cm(Hb) |
||
| 650 |
_aLiterature _96262 |
||
| 650 |
_aNovels _913976 |
||
| 942 |
_2ddc _cEN _hN _mDER |
||
| 999 |
_c130221 _d130221 |
||